|
|
|
|
| LEADER |
00730cam a2200193 7i4500 |
| 001 |
0000002695 |
| 005 |
19991025090000.0 |
| 002 |
##000003950 |
| 020 |
0 |
0 |
|a 981-00-0042-1
|
| 090 |
0 |
0 |
|a B 343.0870263
|b GOH
|
| 100 |
0 |
0 |
|a Goh, Tianwah
|
| 245 |
1 |
2 |
|a A practical guide to export & banking
|c Goh Tianwah.
|
| 250 |
0 |
0 |
|a Rev.ed.
|
| 260 |
0 |
0 |
|a Singapore:
|b Rank Books,
|c 1987.
|
| 300 |
0 |
0 |
|a 128p.
|
| 500 |
0 |
0 |
|a The purpose of this book is to provide a practical working guide for importers, exporters and others concerned in everyday banking operations
|
| 650 |
0 |
0 |
|a Foreign trade regulation --
|x Handbooks, manuals, etc
|
| 650 |
0 |
0 |
|a Banks and banking --
|x Handbooks, manuals, etc
|
| 999 |
|
|
|a 000004220
|b Book
|c Open shelf
|e Business Information Centre
|